00345nam a2200133Ia 4500008004100000041000800041082001200049100001700061245004500078250001400123260003500137300003200172365000700204240624s9999 xx 000 0 und d aeng a657 ATR aATRILL PETER aACCOUNTING AND FINANCE FOR NON SPECIALIS a(2nd ed.) c2002aNew DelhibPrentice-Hall axiii, : 407 : p. : cm. ; 24 cRS